| 000 | 01076nam0a22003011 4500 | ||
|---|---|---|---|
| 001 | RU\INFOCOMM_327\NLR\5000064791 | ||
| 005 | 20250613112618.0 | ||
| 035 | _a(NLR Aleph) 009614345 | ||
| 090 |
_a9392247 _c9392247 |
||
| 100 | _a20130318d1972 |||y0rusy50 ca | ||
| 101 | 0 | _aeng | |
| 102 | _aRU | ||
| 105 | _ay z ||||| | ||
| 200 | 1 |
_aGradually varying two-layer stratified flow in fiords _fBy Fl. Bo Pedersen (Denmark) |
|
| 210 |
_aNovosibirsk _d1972 |
||
| 215 |
_a[2], 17 с. _cил. _d21 см |
||
| 225 | 1 |
_aPaper _fIntern. symposium on stratified flows _v19 |
|
| 300 | _aНадзаг. также на рус. яз.: Междунар. симпозиум по стратифицированным течениям | ||
| 320 | _aБиблиогр.: с. 13 | ||
| 620 | _aНовосибирск | ||
| 686 |
_aГф2-100 _2rubbk |
||
| 700 | 1 |
_aPedersen _bFl. Bo. |
|
| 712 | 1 | 2 |
_aInternational symposium on stratified flows _eNovosibirsk _f1972 _4570 |
| 801 | 1 |
_aRU _bInfocomm _c20130318 |
|
| 801 | 0 |
_aRU _bINFOCOMM _gPSBO |
|
| 852 |
_aNLR _jГн11 Д-4/52 |
||
| 942 | _cBOOK | ||
| 980 | _aNB | ||